Responses for show #375 - Friday, February 14, 1986

Dan Green game 4.

Contestants

[<< previous game]

Jared, an entertainment lawyer from San Jose, California

Ben Harris, originally from New York City

Dan Green, a teacher from Las Vegas, Nevada (whose 3-day cash winnings total $24,800)

Jeopardy! Round responses

4-LETTER WORDS
FASHION
TRIVIA
WORLD HISTORY
MOVIE ANIMALS
"BLACK"
    $100 16
a roll

Dan
    $100 24
a bra

Ben
    $100 19
Japan

Dan
    $100 1
Adolf Hitler

Ben
    $100 6
Rin Tin Tin

Dan
    $100 9
a little black book

Jared
    $200 17
clad

Jared
    $200 25
(Dan: What is a scabbard?)

a belt

DanJared
    $200 20
(Ben: They can climb.)
(Alex: No, and remember to phrase it properly.)

they can purr

Ben
Triple Stumper
    $200 2
Napoleon Bonaparte

Ben
    $200 7
the Asian elephant

Ben
    $200 10
a black-eyed Susan

Dan
    $300 18
lamé

Triple Stumper
    $300 26
blue jeans

Dan
    $300 21
(Alex: Absolutely right, he did, in 1910. We've got a minute to go in the round.)

Mark Twain

Dan
    $500 3
King of the United States

Ben
    $300 8
(Dan: What are porpoises?)
...
(Alex: Although they are related, the film was called Day of the Dolphin.)

dolphins

DanJared
    $300 11
a black belt

Jared
    $400 22
(Alex: Yes, calcium carbonate.)

chalk

Jared
    $400 4
heresy (or witchcraft)

Ben
    $400 14
The Shaggy Dog

Triple Stumper
    $400 12
blackballing

Jared
    $500 23
all 5 vowels in their proper order

Triple Stumper
    $500 5
(Jared: What is San Francisco?)

Geneva, Switzerland

BenJared
    $500 15
Jonathan Livingston Seagull

Triple Stumper
    $500 13
(Jared: What is shoeblack?)

a bootblack

BenJared

Scores at the first commercial break (after clue 12):

Dan Ben Jared
$0 $1,900 $600

Scores at the end of the Jeopardy! Round:

Dan Ben Jared
$600 $2,300 $900

Double Jeopardy! Round responses

ROARING '20S
AWARDS
LIGHT
MONTANA
SPORTS HISTORY
MILLARD FILLMORE
(Alex: And finally Ben's favorite president...A winner in any election.)
    $200 16
Listerine

Dan
    $200 21
Pillsbury Bake-Off

Jared
    $200 11
Star Wars

Dan
    $200 2
a Robin Hood

Ben
    $200 1
13

Jared
    $1,000 17
(Dan: What is a caterpillar?)

The Sheik Of Araby

Dan
    $400 22
a Grammy

Jared
    $400 12
a flashlight

Ben
    $400 7
West Point

Dan
    $400 3
Oxford

Ben
    $600 18
Man o' War

Dan
    $600 23
(Ben: What is Tootsie?)

Kramer vs. Kramer

BenJared
    $600 13
a prism

Jared
    $600 8
(Ben: What is black?)
(Dan: What is green?)
(Jared: What is orange?)

red

DanBenJared
Triple Stumper
    $600 4
(Ben: What is the... um...)

guano

Ben
Triple Stumper
    $800 19
a flapper

Ben
    $800 24
Saul Bellow

Triple Stumper
    $800 14
(Ben: What is the iris?)
(Alex: No.)
(Ben: Or the cornea.)
(Dan: What is the cornea?)
[NOTE: On the display, there was no space between the comma and the word "the".]

the pupil of the eye

DanBen
Triple Stumper
    $800 9
the Thames

Triple Stumper
    $800 5
(Jared: What is a toilet?)

bathtub

Jared
Triple Stumper
    $1000 20
Will Hays

Triple Stumper
    $1000 25
[ERRATUM: Bil Keane's name was misspelled in the clue as shown.]

cartooning

Jared
    $1000 15
(Jared: What is the angstrom?)

a lumen (per square foot or foot-candle)

BenJared
    $1000 10
the flying wedge

Dan
    $1000 6
the Know-Nothings

Jared

Scores at the end of the Double Jeopardy! Round:

Dan Ben Jared
$600 $2,500 $2,500

[wagering suggestions for these scores]

Final Jeopardy! Round responses

U.S. GEOGRAPHY
(Alex: Leadville, Colorado, at 10,190 feet is [*].)
DanWhat is the highest city?
$600
BenWhat is a mountain top
$2,500
JaredWhat is the point where 4 states meet?
$2,500
the highest incorporated U.S. city

Final scores:

Dan Ben Jared
$1,200 $0 $0
4-day champion: $26,000 2nd place: Windjammer cruise to the Bahamas 3rd place: Olympus camera

Game dynamics:

Coryat scores:

Dan Ben Jared
$1,600 $2,300 $2,500
11 R,
5 W
(including 1 DD)
13 R
(including 1 DD),
5 W
14 R,
5 W

Combined Coryat: $6,400

The J! Archive is created by fans, for fans. The Jeopardy! game show and all elements thereof, including but not limited to copyright and trademark thereto, are the property of Jeopardy Productions, Inc. and are protected under law. This website is not affiliated with, sponsored by, or operated by Jeopardy Productions, Inc. Join the discussion at JBoard.tv.